Presidents of Estonia - Statistics

General Stats
  • This quiz has been taken 16 times
  • The average score is 5 of 6
Answer Stats
Years President % Correct
1938-1940 Konstantin Päts
100%
2021- Alar Karis
86%
1992-2001 Lennart Meri
86%
2006-2016 Toomas Hendrik Ilves
86%
2001-2006 Arnold Rüütel
71%
2016-2021 Kersti Kaljulaid
71%
No matching quizzes found
Score Distribution
Percent of People with Each Score
Percentile by Number Answered
Your Score History
You have not taken this quiz